000 00253nam a22000977a 4500
008 160510b xxu||||| |||| 00| 0 eng d
041 _aeng
080 _a611
245 _aHuman arrangements an introducion to sociology:
_cAllan G. Johnson;
942 _2udc
_cBK
999 _c1950
_d1950